000 01255naa a22003737a 4500
001 BR8901575
003 BR-BrBNA
005 20240918180439.0
007 ta
008 230509b bl.||||| |||| 00| 0 por d
040 _aBR-BrBNA
_bpor
_cBiblioteca Nacional de Agricultura
041 _a(Pt)
072 _aF01
_b0120
090 _aF01 BR8901575
100 1 _aBatistela, A.
100 1 _aBresolin, M.
100 1 _aDavid, I.K.
100 1 _aOliveira, J.V.
100 1 _aDander, G.
100 1 _aSilva, L.C.M.
100 1 _aAlmeida, A.P.
100 1 _aMaia, N.G.
100 1 _aKohler, C.
111 1 _a21. Reuniao Tecnica Anual de Milho e Sorgo
_cPorto Alegre, RS (Brazil)
_dJul 1976
245 1 _aAvaliacao das perdas causadas pelo retardamento da colheita do milho
260 3 _aPorto Alegre, RS (Brasil):
_c1976.
500 _aResultados de pesquisas de milho e sorgo. 21. Reuniao tecnica Porto Alegre, RS (Brasil): 1976. p. 53-61 (BR8901575-AM)F01
650 _aMILHO
650 _aCOLHEITA
650 _aPERDA DA PRODUCAO
773 0 _tResultados de pesquisas de milho e sorgo. 21. Reuniao tecnica
_wF01 BR8901575
_gPorto Alegre, RS (Brasil), 1976. p. 53-61
909 _a202404
_bLucia
_c55
_dLucia Elande
942 _cAM
_2AGRIS
999 _c320421
_d320421